Introduction to linear algebra / (Record no. 6532)
[ view plain ]
| 000 -LEADER | |
|---|---|
| fixed length control field | 00747nam a2200181 4500 |
| 020 ## - INTERNATIONAL STANDARD BOOK NUMBER | |
| ISBN | 3540780602 |
| 050 ## - CALL NUMBER | |
| Classification number | QA184 |
| Item number | .L37 |
| 100 ## - AUTHOR | |
| Personal name | Lang, Serge |
| 245 ## - TITLE | |
| Title | Introduction to linear algebra / |
| Statement of responsibility, etc | Serge Lang |
| 250 ## - EDITION | |
| Edition statement | 2nd ed. |
| 260 ## - PUBLICATION INFORMATION | |
| Place of publication | New York |
| Name of publisher | Springer |
| Year of publication | 1986 |
| 300 ## - DESCRIPTION | |
| Number of Pages | viii, 293p. : |
| Dimensions | 24cm. |
| 440 ## - SERIES | |
| SERIES | Undergraduate texts in mathematics. |
| 500 ## - NOTES | |
| General note | Includes index |
| 505 ## - FORMATTED CONTENTS NOTE | |
| Table of Content | Chapter 1. Vectors <br/>Chapter 2. Matrices and Linear Equation <br/>Chapter 3. Vector Spaces <br/>Chapter 4. Linear Mappings <br/>Chapter 5. Composition and Inverse Mappings<br/>Chapter 6. Scalar Products and Orthogonality <br/>Chapter 7. Determinants <br/>Chapter 8. Eigenvectors and Eigenvalues |
| 650 ## - SUBJECTS | |
| Topical Term | Algebras, Linear -- Textbooks. |
| 942 ## - ADDED ENTRY ELEMENTS (KOHA) | |
| Koha item type | Books |
| Withdrawn status | Lost status | Collection code | Home library | Current library | Shelving location | Date acquired | Full call number | Accession Number | Koha item type |
|---|---|---|---|---|---|---|---|---|---|
| Reference | Methodist University Library Main | Methodist University Library Main | General Stacks | 24/10/2000 | QA184 .L22 | 20484 | Books | ||
| Reference | Methodist University Library Main | Methodist University Library Main | General Stacks | 24/10/2000 | QA184 .L22 | 20485 | Books | ||
| Methodist University Library Main | Methodist University Library Main | General Stacks | 24/10/2000 | QA184 .L22 | 20486 | Books |